Le travail industriel hors les murs (notice n° 1660375)

détails MARC
000 -LEADER
fixed length control field 02036cam a2200169 4500500
005 - DATE AND TIME OF LATEST TRANSACTION
control field 20260208013549.0
041 ## - LANGUAGE CODE
Language code of text/sound track or separate title fre
042 ## - AUTHENTICATION CODE
Authentication code dc
100 10 - MAIN ENTRY--PERSONAL NAME
Personal name Crague, Gilles
Relator term author
245 00 - TITLE STATEMENT
Title Le travail industriel hors les murs
260 ## - PUBLICATION, DISTRIBUTION, ETC.
Date of publication, distribution, etc. 2005.<br/>
500 ## - GENERAL NOTE
General note 28
520 ## - SUMMARY, ETC.
Summary, etc. Entreprise-réseau, hollow corporation, entreprise éclatée, toutes ces appellations suggèrent l’émergence récente de nouvelles figures de l’entreprise. Cette transformation serait visible dans les lieux de l’entreprise, à travers les modes de localisation de l’activité professionnelle. Il s’agit alors d’examiner ce qui conduit des salariés à travailler en-dehors des locaux de l’entreprise (entreprises industrielles de 50 salariés et plus). La fonction du salarié joue un rôle prépondérant. On constate très généralement un relâchement du contrôle temporel du travail et de nouvelles modalités de travail collectif. Utiliser l’informatique dans le travail renforce le confinement dans les locaux de l’entreprise. C’est le téléphone qui constitue l’équipement caractéristique du travailleur mobile.
520 ## - SUMMARY, ETC.
Summary, etc. INDUSTRIAL LABOUR OUTSIDE THE FIRM Survey on new types of firm Network-firm, hollow corporation, fragmented firm: all these terms suggest the recent emergence of new types of firm. This transformation appears on site, in the modes of localization of business activities. In this article the author examines the reasons why employees work off the firm’s premises (industrial firms of 50 employees or more). Their position in the firm clearly plays a key part. Generally, we witness a slackening of control over work times and new modalities of collective work. While computer use in the working environment reinforces confinement to the firm’s premises, the telephone is characteristic of mobile workers’ equipment.
786 0# - DATA SOURCE ENTRY
Note Réseaux | 134 | 6 | 2005-12-01 | p. 65-89 | 0751-7971
856 41 - ELECTRONIC LOCATION AND ACCESS
Uniform Resource Identifier <a href="https://shs.cairn.info/revue-reseaux1-2005-6-page-65?lang=fr&redirect-ssocas=7080">https://shs.cairn.info/revue-reseaux1-2005-6-page-65?lang=fr&redirect-ssocas=7080</a>

Pas d'exemplaire disponible.

PLUDOC

PLUDOC est la plateforme unique et centralisée de gestion des bibliothèques physiques et numériques de Guinée administré par le CEDUST. Elle est la plus grande base de données de ressources documentaires pour les Étudiants, Enseignants chercheurs et Chercheurs de Guinée.

Adresse

627 919 101/664 919 101

25 boulevard du commerce
Kaloum, Conakry, Guinée

Réseaux sociaux

Powered by Netsen Group @ 2025